00366nam a22001337a 450000500170000002000230001703500230004003700130006310000140007624500590009025000100014926000500015930000230020920180723170858.0 a817534489Xc250.00 aB-220690, B-220689 aDPLbENG aDas, P.K. aUniversal's new law on Hindu succession /cby P.K. Das arprn. aNew DelhibUniversal Law Publishing Co.c2006 axi, 259p.c22 cms.